000
00281nam a22001337a 4500
008
170607b xxu||||| |||| 00| 0 eng d
020
_a
0060117745
041
_a
eng
080
_a
62
100
_a
26
101
_a
IM
245
_a
HOME ENERGY HOW-TO
_c
HAND,A.J
942
_2
udc
_c
BK
999
_c
16242
_d
16242